000 00642nam a2200217Ia 4500
005 20220719163106.0
008 131103s9999 xx 000 0 und d
040 _aLoreto College
041 _aEnglish
082 _a821.1
_bCHA-HUS
100 _aChaucer, Geoffrey
245 4 _aThe merchant's prologue and tale
_cGeoffrey Chaucer;edited with introduction,notes and glossary by Maurice Hussey
260 _aNew York
_bCambridge university press
_c1966
300 _a110p.
504 _aIncludes index
650 _aEnglish Literature
651 _aEnglish poetry
700 _4ed.
_aHussey,Maurice
850 _aLCLIB
942 _cBK
999 _c35897
_d86376